Najdôležitejšie zmeny, ktoré nastali od 1. januára 2001 v platení poistného na nemocenské poistenie a dôchodkové zabezpečenie

Dňa 1. decembra 2001 Národná rada SR prijala zákon č. 467/2000 Z.z., ktorým sa s účinnosťou od 1. januára 2001 mení a dopĺňa zákon NR SR č. 274/1994 Z.z. o Sociálnej poisťovni v znení neskorších predpisov. Prijatie zákona bolo potrebné v súvislosti so zmenami, ktoré nastali od 1.1.2001 v právnej úpr...

Descrizione completa

Salvato in:
Dettagli Bibliografici
Autore principale: Novotná, Eleonóra
Altri autori: Kasanická, Kornélia
Natura: Capitolo di libro
Lingua:slovacco
Soggetti:
Tags: Aggiungi Tag
Nessun Tag, puoi essere il primo ad aggiungerne!!

MARC

LEADER 00000naa a2200000 4500
001 r041379
005 20230925072609.4
041 0 |a slo 
044 |a SK 
245 1 0 |a Najdôležitejšie zmeny, ktoré nastali od 1. januára 2001 v platení poistného na nemocenské poistenie a dôchodkové zabezpečenie  |c Eleonóra Novotná, Kornélia Kasanická 
520 |a Dňa 1. decembra 2001 Národná rada SR prijala zákon č. 467/2000 Z.z., ktorým sa s účinnosťou od 1. januára 2001 mení a dopĺňa zákon NR SR č. 274/1994 Z.z. o Sociálnej poisťovni v znení neskorších predpisov. Prijatie zákona bolo potrebné v súvislosti so zmenami, ktoré nastali od 1.1.2001 v právnej úprave účasti na nemocenskom poistení a dôchodkovom zabezpečení. 
610 2 0 |a poistenie nemocenské 
610 2 0 |a zabezpečenie dôchodkové 
610 2 0 |a zákony 
610 2 0 |a Slovensko 
610 2 0 |a 2001 
100 1 |a Novotná, Eleonóra 
700 1 |a Kasanická, Kornélia